El malentendido : cómo nos educan los medios de comunicación /

Gespeichert in:
Bibliographische Detailangaben
1. Verfasser: Rivière, Margarita (autor)
Weitere Verfasser: Vidal Beneyto, José (prólogo) (prólogo)
Format: Buch
Sprache:Spanisch
Veröffentlicht: Barcelona, España : Icaria, 2003, c2003
Schriftenreihe:(Antrazyt ; 190)
Schlagworte:
Tags: Tag hinzufügen
Keine Tags, Fügen Sie das erste Tag hinzu!

MARC

LEADER 00000nam^a2200000^a^4500
001 000178549
005 20250521000000.0
009 20260310101752.952
020 |a 84-7426-620-3 
037 |a Acervo ITESO - Biblioteca 
041 |a ESP 
082 |a 302. 2301  |b RIV 
100 |a Rivière, Margarita  |e (autor) 
245 1 3 |a El malentendido :  |b cómo nos educan los medios de comunicación /  |c M. Rivière ; pról. de J. Vidal-Beneyto. 
264 4 |a Barcelona, España :  |b Icaria,  |c 2003, c2003 
300 |a 186 p. 
336 |a texto  |b txt  |2 rdacontenido 
337 |a sin mediación  |b n  |2 rdamedio 
338 |a volumen  |b nc  |2 rdasoporte 
440 1 |a (Antrazyt ;  |v 190) 
649 |a XX 
650 |a Educación No Formal e Informal 
650 |a Medios de Comunicación -  |x Función Educativa-Cultural 
650 |a Comunicación Masiva -  |x Función Educativa-Cultural 
650 |a Comunicación Educativa 
700 |a Vidal Beneyto, José  |e (prólogo) 
910 |a Fondo General 
920 |a Impresos - Libros 
930 |a Colección General 
905 |a 101 
901 |a 0500117685  |b IT1  |c ACC  |u 20250521 
902 |a https://opac.biblio.iteso.mx/vufind/Record/000178549